| 000 | 00483nam a22001817a 4500 | ||
|---|---|---|---|
| 003 | DO-SdBNP | ||
| 005 | 20180205101151.0 | ||
| 008 | 180205b xxu||||| |||| 00| 0 spa d | ||
| 020 | _a097093640 | ||
| 040 |
_aBPMSU _beng _cBPMSU |
||
| 100 | _aCallender, Jeff | ||
| 245 |
_aFactoring fundamentals _cJeff Callender |
||
| 260 |
_aWashington _bDash Point Publishing _c2003 |
||
| 300 |
_a155 p. _b24 cm |
||
| 942 |
_2ddc _cBK |
||
| 945 | _ainventariado, 2018 / dg | ||
| 956 |
_adgarcia _b10 |
||
| 999 |
_c13258 _d13258 |
||